000 00742nam a2200289Ia 4500
001 53083
003 IT-RoPAU
008 130308s9999 xx 000 0 und d
040 _aIT-RoPAU
040 _cIT-RoPAU
041 _aITALIANO
100 _aBruno Gianfranco
100 _gCodice Aut. SPICS: 8738
245 _aEdvard Munch-Il poema dell'immaginario
245 _bMunch (Catalogo)
250 _a1a ed.
260 _aMILANO
260 _bMazzotta
260 _c1985 [1° Ed.:1985 - Ed.Ling.Originale:1985]
300 _a"22 p. (prefazione: no ; testo: 22 [pagine: 29-50])"
650 _aAUTORI/OPERE DI PITTURA
650 _eCodice materia Spics: 5207
942 _cBK
957 _71
999 _c47932
_d47932
999 _bSI
999 _g1